Normal view
MARC view
Entry Término temático
001 - NÚMERO DE CONTROL
- campo de control: 43970
003 - IDENTIFICADOR DEL NÚMERO DE CONTROL
- campo de control: OSt
005 - FECHA Y HORA DE LA ÚLTIMA TRANSACCIÓN
- campo de control: 20200615033958.0
008 - DATOS DE LONGITUD FIJA
- campo de control de longitud fija: 200615|| aca||aabn | a|a d
040 ## - FUENTE DE LA CATALOGACIÓN
- Centro catalogador/agencia de origen: OSt
- Centro/agencia transcriptor: OSt
150 ## - ENCABEZAMIENTO--TÉRMINO DE MATERIA
- Término de materia o nombre geográfico como elemento de entrada: MUSICOS DOMINICANOS
- Subdivisión general: ANÉCDOTAS, CHISTES, SÁTIRAS, ETC
670 ## - FUENTE DE DATOS ENCONTRADOS
- Cita de la fuente: Work cat.: (OSt)20514: Gimbernard, Jacinto, 1931- 28978, Treinta relatos sinfónicos /, 2000.
